10+ England Caps Since 2000 - Statistics

General Stats
  • This quiz has been taken 359 times
  • The average score is 80 of 112
Answer Stats
Debut Last Most Apps For Pos Player Cps Gls % Correct
2015 Tottenham Hotspur ST Harry Kane 91 63
100%
2003 2018 Manchester United ST Wayne Rooney 120 53
100%
1999 2014 Chelsea CM Frank Lampard 105 29
99%
2001 2014 Chelsea LB Ashley Cole 107
98%
2001 2010 Chelsea AM Joe Cole 56 10
98%
2014 Manchester City CB John Stones 72 3
98%
2011 Manchester City RB Kyle Walker 83 1
98%
2000 2014 Liverpool CM Steven Gerrard 114 21
98%
2008 2017 Manchester City GK Joe Hart 75
97%
2010 Liverpool CM Jordan Henderson 81 3
97%
2017 Everton GK Jordan Pickford 61
97%
2012 2022 Manchester City LW Raheem Sterling 82 20
97%
2003 2012 Chelsea CB John Terry 78 6
96%
1997 2011 Manchester United CB Rio Ferdinand 73 3
96%
2017 Manchester United CB Harry Maguire 63 7
95%
2016 Manchester United LW Marcus Rashford 60 17
95%
2020 Arsenal RW Bukayo Saka 32 11
93%
1996 2009 Manchester United RM David Beckham 88 16
93%
2019 West Ham United DM Declan Rice 51 3
93%
1998 2008 Liverpool ST Michael Owen 71 35
92%
1997 2010 Liverpool GK David James 52
91%
2005 2010 Stoke City ST Peter Crouch 42 22
91%
2020 Manchester City CM Phil Foden 34 4
91%
2020 Chelsea RB Reece James 16
91%
2015 2018 Leicester City ST Jamie Vardy 26 7
90%
1997 2004 Manchester United CM Paul Scholes 46 5
90%
1995 2007 Manchester United RB Gary Neville 51
89%
2020 Borussia Dortmund CM Jude Bellingham 29 3
89%
2014 Manchester United LB Luke Shaw 31 3
89%
1996 2007 Manchester United RB Phil Neville 37
89%
2018 Liverpool RB Trent Alexander-Arnold 25 3
89%
2006 2016 Arsenal RW Theo Walcott 47 8
88%
2009 2018 Chelsea CB Gary Cahill 61 5
87%
2020 Aston Villa LW Jack Grealish 36 2
87%
2018 2021 Borussia Dortmund LW Jadon Sancho 23 3
87%
2009 2016 Liverpool CM James Milner 61 1
87%
2011 2018 Manchester United CB Phil Jones 27
87%
2004 2010 Manchester City RW Shaun Wright-Phillips 36 6
87%
1999 2010 Liverpool CB Jamie Carragher 37
86%
2015 2019 Tottenham Hotspur AM Dele Alli 37 3
85%
2015 Tottenham Hotspur CB Eric Dier 49 3
85%
2001 2015 Manchester United DM Michael Carrick 34
84%
2004 2017 Tottenham Hotspur ST Jermain Defoe 57 20
83%
2020 Leeds United DM Kalvin Phillips 31 1
83%
2010 2012 Sunderland RW Adam Johnson 12 2
79%
2011 2018 Manchester United ST Danny Welbeck 42 16
79%
2003 2014 Liverpool RB Glen Johnson 54 1
79%
2010 2015 Everton LB Leighton Baines 30 1
79%
2019 Chelsea AM Mason Mount 36 5
79%
2001 2008 Bayern Munich DM Owen Hargreaves 42
79%
2011 2017 Liverpool ST Daniel Sturridge 26 8
78%
2016 2019 Tottenham Hotspur LB Danny Rose 29
78%
2021 Aston Villa ST Ollie Watkins 12 3
78%
2017 2022 Roma ST Tammy Abraham 11 3
78%
1988 2002 Arsenal GK David Seaman 20
77%
2017 Liverpool CB Joe Gomez 15
77%
2017 Burnley RB Kieran Trippier 48 1
77%
2011 2017 Manchester United CB Chris Smalling 31 1
76%
2018 Leicester City LB Ben Chilwell 21 1
74%
2000 2012 Aston Villa DM Gareth Barry 53 3
74%
2010 2016 Arsenal CM Jack Wilshere 34 2
74%
1996 2007 Tottenham Hotspur CB Sol Campbell 44 1
74%
2007 2018 Manchester United LM Ashley Young 39 7
73%
2018 Burnley GK Nick Pope 10
73%
2008 2016 Everton CB Phil Jagielka 40 3
71%
2020 2021 Everton ST Dominic Calvert-Lewin 11 4
70%
2022 Crystal Palace CB Marc Guéhi 11
70%
2013 2018 Southampton AM Adam Lallana 34 3
69%
1999 2010 Liverpool ST Emile Heskey 58 7
68%
1996 2002 Liverpool ST Robbie Fowler 15 5
68%
2005 2012 West Ham United GK Robert Green 12
67%
2012 2019 Arsenal CM Alex Oxlade-Chamberlain 35 7
64%
2020 2022 Wolverhampton Wanderers CB Conor Coady 10 1
63%
2016 2021 Manchester United LW Jesse Lingard 32 6
63%
2014 2016 Crystal Palace RB Nathaniel Clyne 14
63%
2017 2020 Everton CB Michael Keane 12 1
62%
2013 2019 Everton AM Ross Barkley 33 6
62%
2019 Aston Villa CB Tyrone Mings 18 2
62%
2021 Chelsea CM Conor Gallagher 13
60%
2017 Southampton CM James Ward-Prowse 11 2
59%
2006 2012 Manchester City RB Micah Richards 13 1
59%
2003 2007 Blackburn Rovers GK Paul Robinson 41
59%
1999 2010 Manchester United CB Wes Brown 22 1
59%
2002 2010 Tottenham Hotspur CB Ledley King 21 2
58%
1993 2002 Tottenham Hotspur ST Teddy Sheringham 13 2
58%
1997 2004 Manchester United CM Nicky Butt 31
56%
2006 2013 Tottenham Hotspur RW Aaron Lennon 21
55%
2017 2020 Tottenham Hotspur DM Harry Winks 10 1
55%
2010 2015 Arsenal LB Kieran Gibbs 10
55%
2001 2007 Leeds United CM Alan Smith 19 1
53%
2017 Chelsea CM Ruben Loftus-Cheek 10
53%
2013 2014 Southampton ST Rickie Lambert 11 3
52%
2005 2014 Middlesbrough LM Stewart Downing 35
50%
2007 2013 Wolverhampton Wanderers CB Joleon Lescott 26 1
47%
1994 2001 Liverpool RM Steve McManaman 11 1
47%
2006 2011 Ipswich Town ST Darren Bent 13 4
46%
2012 2013 Watford CM Tom Cleverley 13
46%
1992 2002 Arsenal CB Martin Keown 16 1
44%
2012 2017 Southampton LB Ryan Bertrand 19 1
44%
2003 2013 Charlton Athletic CM Scott Parker 18
43%
2014 2019 Aston Villa CM Fabian Delph 20
40%
2003 2010 West Ham United CB Matthew Upson 21 2
39%
1995 2004 Aston Villa CB Gareth Southgate 24 1
38%
2013 2016 Crystal Palace RW Andros Townsend 13 3
35%
2002 2009 Southampton LB Wayne Bridge 36 1
35%
1999 2007 Newcastle United RM Kieron Dyer 30
32%
2003 2009 Tottenham Hotspur CM Jermaine Jenas 21 1
31%
1992 2002 Leeds United GK Nigel Martyn 11
27%
2002 2004 Aston Villa SS Darius Vassell 22 6
25%
2001 2004 Leeds United RB Danny Mills 19
22%
1995 2001 Hull City LM Nick Barmby 13 1
20%
2001 2003 West Ham United LW Trevor Sinclair 12
20%
No matching quizzes found
Score Distribution
Percent of People with Each Score
Percentile by Number Answered
Your Score History
You have not taken this quiz